| 000 | 00445nam a22001817a 4500 | ||
|---|---|---|---|
| 999 |
_c251130 _d251130 |
||
| 003 | OSt | ||
| 005 | 20240820085501.0 | ||
| 008 | 240820b xxu||||| |||| 00| 0 eng d | ||
| 020 | _a996649720X | ||
| 040 | _cRU | ||
| 050 | _aPL 8704 | ||
| 100 | _aBurhani, Z | ||
| 245 | _aMwisho wa Kosa | ||
| 260 |
_aNairobi _bLonghorn Publishers _c2020 |
||
| 300 | _a269p. | ||
| 362 | _a2020 | ||
| 942 |
_cBK _2lcc _hPL 8704 _i.M85B8 2020 |
||